Nutrición animal /

Guardado en:
Autor Principal: Mc Donald, P.
Otros Autores: Edwards, R. A., Greenhalgh, J. F. D.
Formato: Libro
Publicado: Zaragoza : Acribia, 1986
Edición:3a. ed.
Etiquetas: Agregar Etiqueta
Sin Etiquetas, Sea el primero en etiquetar este registro!
LEADER 01551nam a22002055a 4500
001 CEM.cems017331
005 20100629152836.0
008 130507s1986##################000#0#####d
003 CEMS
020 |a 8420005673 
082 0 4 |a 636.085 
100 1 |a Mc Donald, P. 
245 1 0 |a Nutrición animal /  |c P. Mc Donald, R. A. Edwards y J. F. D. Greenhalgh 
250 |a 3a. ed. 
260 |a Zaragoza :  |b Acribia,  |c 1986 
300 |a 518 p. 
505 0 |a El animal y sus alimentos -- Carbohidratos -- Lípidos -- Proteínas, ácidos nucleicos y otros compuestos nitrogenados -- Vitaminas -- Minerales -- Enzimas -- Digestión -- Metabolismo -- Valoración de los alimentos: digestibilidad -- Valoración de los alimentos: contenido energético de los alimentos y distribución de la energía del animal -- Valoración de los alimentos: sistemas para expresar el valor energético de los alimentos -- Valoración de los alimentos: proteína -- Necesidades nutritivas para el mantenimiemto y el crecimiento -- Necesidades nutritivas para la reproducción -- Lactación -- Ingestión voluntaria de alimentos -- La nutrición animal y los consumidores de productos de origen animal -- Hierba y cultivos forrajeros -- Ensilado -- Heno, forrajes, deshidratados artificialmente, pajas y granzas -- Raíces, tubérculos y subproductos relacionados -- Granos de cereales y sus subproductos -- Concentrados proteicos -- Aditivos alimentarios 
700 1 |a Edwards, R. A. 
700 1 |a Greenhalgh, J. F. D. 
859 |a CEMS  |b BIB. CEMS - Agricultura  |h 636.085  |i M146a3  |p A17872.94  |t Ej.1